000 01384cam a2200349 a 4500
001 000015267
003 UkOxU
005 20200929164010.0
008 500101s1982 sp h b 000 0 spa d
020 _a8427605854
035 _aOCLC ocm13131763 from D950210M
040 _aDO-SdBNP
_cDLM
_dVA@
_dEQO
090 _aBT985
_b.A37 1982
082 _aD0502202178
082 _annn
_bA325d
100 1 _aAlba, Ramón.
_934539
245 1 0 _aDel anticristo /
_cRamón Alba.
260 _aMadrid :
_bNacional,
_c1982.
300 _a338 p. :
_bfacsims. ;
_c21 cm.
490 1 _aBiblioteca de visionarios, heterodoxos y marginados
490 1 _aSegunda
500 _aIncluye la reimpresión de: Libro del anticristo, primera parte. Originalmente publicado: Burgos: Fadrique (Biel) de Basilea, 1497.
500 _aIncluye imajen del anticristo, atribuido a Juan Pérez y transcrito a partir de la edición publicada en 1849 en San Sebastián de Usoz y Río, como vol. 3 de la serie de antiguos reformistas españoles.
504 _aIncluye bibliografía.
650 0 _aAntichrist
_934540
730 0 2 _aLibro del anticristo.
_f1982
_934541
830 0 _aBiblioteca de visionarios, heterodoxos y marginados ;
_98623
830 0 _aSegunda
_v22
_934542
910 _aCatalogación por copia / LC
049 _aBNGR
999 _c14833
_d14833